=LDR 00000nam 2200000 4500 =001 INLIS000000000016074 =005 20200625080456 =035 ##$$a 0010-061300000016074 =008 200625################g##########0#ind## =041 ##$$a Ind =082 ##$$a 324 =090 ##$$a 324, Kar p =100 1#$$a Karim, M. Rusli =245 1#$$a Pemilu demokratis kompetitif, /$c M. Rusli Karim =260 ##$$a Yogyakarta :$b Tiara Wacana Yogya,$c 1991 =300 ##$$a XIV-173 hlm., ; $c 14 x 21 cm =650 #4$$a Pemilu demokrasi kompetitif =850 ##$$a NBPNMAT =020 ##$$a 979-8120-31-0 =084 ##$$a 324 KAR p =250 ##$$a cet.1 =990 ##$$a 00035042